Économie de la Chine
Gespeichert in:
| 1. Verfasser: | |
|---|---|
| Format: | Buch |
| Sprache: | Französisch |
| Veröffentlicht: |
Paris
Presses Universitaires de France
1997
|
| Schriftenreihe: | que sais - je ?
|
| Schlagworte: | |
| Tags: |
Keine Tags, Fügen Sie das erste Tag hinzu!
|
MARC
| LEADER | 00000nam$a2200000$$$4500 | ||
|---|---|---|---|
| 001 | 0116180 | ||
| 005 | 20240111125231.5 | ||
| 020 | |a 2-13-048102-7 | ||
| 041 | 0 | |a fre | |
| 044 | |a FR | ||
| 245 | 1 | 0 | |a Économie de la Chine |c Bruno Cabrillac |
| 264 | 1 | |a Paris |b Presses Universitaires de France |c 1997 | |
| 300 | |a 127 s. | ||
| 490 | 1 | |a que sais - je ? | |
| 830 | 0 | |a que sais - je ? | |
| 610 | 2 | 0 | |a geografia |
| 610 | 2 | 0 | |a zdroje prírodné |
| 610 | 2 | 0 | |a história |
| 610 | 2 | 0 | |a politika hospodárska |
| 610 | 2 | 0 | |a produkcia |
| 610 | 2 | 0 | |a reformy hospodárske |
| 610 | 2 | 0 | |a hospodárstvo trhové sociálne |
| 610 | 2 | 0 | |a kapitalizmus |
| 610 | 2 | 0 | |a Čína |
| 100 | 1 | |a Cabrillac, Bruno | |